1115 1056 1342 1328 1678 1039 1929 1019 1227 1337 1793 1436 1405 1542 1853 1260 1336 1673 1667 1588 1322 1299 1202 1036 1034 1948 1236 1944 1037 1995 1792 1857 1570 1807 1531 1583 1021 1104 1201 1652 1515 1062 1983 1392 1492 1909 1641 1412 1295 1449 1613 1679 1915 1858 1924 1350 1108 1190 1419 1110 1969 1195 1784 1821 1827 1905 1301 1074 1366 1330 1442 1729 1093 1641 1501 1424 1770 1080 1227 1633 1170 1494 1120 1687 1500 1778 1698 1492 1425 1303 1884 1397 1347 1207 1378 1629 1377 1019 1690 BCNSPRNW ULIB Ver.6.0+V

เปลี่ยนเป็นภาษาไทย

Change to English
 แสดงรายละเอียดบรรณานุกรม
  กลับหน้าหลัก

Brief Record : Get Marc (ISO 2709) : E-mail record : QR code < ปิดหน้าต่าง
LEADER : 00000nam 2200000uu 4500
001    13399113545
003     ULIB
008    111125s2553||||th 000 0 tha d
020    ^a9786165000581
090    ^aนว.^bอ846ผ 2553
100 0  ^aอุมาริการ์
245 0  ^aแผนร้ายดวงใจพยัคฆ์ /^cอุมาริการ์
260    ^aกรุงเทพฯ :^bพิมพคำ,^c2553
300    ^a374 หน้า ;^c18 ซม.
650  4 ^aนวนิยายไทย
945    ^p230^l0^i17073
995    ^aเกษร
999    ^aใช้งานได้ทุกระบบ
รายการนี้ยังไม่มีแท็ก
คุณยังไม่ได้ล็อกอิน คุณสามารถมีกิจกรรมร่วมกับเว็บไซต์ได้ แต่ต้องล็อกอินก่อน ::
  ล็อกอิน

รายการสื่อสารสนเทศ

ลำดับที่ ประเภท เลขเรียก/บาร์โค้ด สถานที่ สถานะ
1. นวนิยาย
นวนิยาย
นว. อ846ผ 2553  
  Barcode: 17073
ห้องสมุดวิทยาเขตสวรรค์ประชารักษ์
►นวนิยาย
บนชั้น
  ขอยืม

รายการใกล้เคียง
    ผู้แต่ง [อุมาริการ์]

    หัวเรื่อง [นวนิยายไทย]

BibComment


ยังไม่เคยถูกคอมเมนท์

คอมเมนท์ทรัพยากรรายการนี้
  คอมเมนท์: แผนร้ายดวงใจพยัค..


 Copyright 2026. Bcnsprnw @Library